000 00265nam a22001217a 4500
008 170510b xxu||||| |||| 00| 0 eng d
041 _aeng
080 _25 ED
_a34
100 _a15
101 _aSHJ
245 _aMASS MEDIA LAW
_cPEMBER.D.R
942 _2udc
_cBK
999 _c13048
_d13048